सूप्स व्हेज-नॉनव्हेज-Sाायनीज (Record no. 335714)

MARC details
000 -LEADER
fixed length control field 00698nam a2200169Ia 4500
008 - FIXED-LENGTH DATA ELEMENTS--GENERAL INFORMATION
fixed length control field 090711s9999 xx 000 0 und d
082 ## - DEWEY DECIMAL CLASSIFICATION NUMBER
Item number 726
100 ## - MAIN ENTRY--PERSONAL NAME
Personal name Sांपानेरकर सुजाता
245 ## - TITLE STATEMENT
Title सूप्स व्हेज-नॉनव्हेज-Sाायनीज
260 ## - PUBLICATION, DISTRIBUTION, ETC. (IMPRINT)
Name of publisher, distributor, etc रोहन प्रकाशन
Date of publication, distribution, etc 1999
300 ## - PHYSICAL DESCRIPTION
Extent 72
600 ## - SUBJECT ADDED ENTRY--PERSONAL NAME
Personal name Sांपानेरकर सुजाता
630 ## - SUBJECT ADDED ENTRY--UNIFORM TITLE
Uniform title सूप्स व्हेज-नॉनव्हेज-Sाायनीज
700 ## - ADDED ENTRY--PERSONAL NAME
Personal name Sांपानेरकर सुजाता
730 ## - ADDED ENTRY--UNIFORM TITLE
Uniform title सूप्स व्हेज-नॉनव्हेज-Sाायनीज
942 ## - ADDED ENTRY ELEMENTS (KOHA)
Koha item type Book

No items available.